Stati che iniziano con la R - Statistics

Statistiche generali
  • Questo quiz è stato fatto 162 volte
  • Il punteggio medio è 5 su 9
Statistiche sulle risposte
Superficie (km²) Popolazione (ab.) Stato % Corretto
26 338 12 663 116 Ruanda
93%
238 397 19 917 984 Romania
92%
17 098 246 146 105 680 Russia
85%
342 000 5 518 093 Repubblica del Congo
59%
78 870 10 699 142 Repubblica Ceca
53%
48 671 10 448 499 Repubblica Dominicana
49%
622 984 5 633 412 Repubblica Centrafricana
41%
2 345 410 95 205 878 Repubblica Democratica del Congo
39%
242 521 68 583 427 Regno Unito
37%
Nessun quiz corrispondente trovato
Distribuzione punteggi
Percentuale di utenti per punteggio
Percentile per numero di risposta
I tuoi punteggi nel tempo
Non hai fatto questo quiz